[Event "II Festival A"]
[Site "Lido degli Estensi - Comacchio ITA"]
[Date "2001.06.10"]
[Round "9"]
[White "Gatta, Giorgio"]
[Black "Gandolfi, Gianfranco"]
[Result "1-0"]
[WhiteElo "1849"]
[BlackElo "1743"]
[PlyCount "79"]
[EventDate "2001.06.02"]

1.d4 d5 2.Nf3 Bf5 3.e3 e6 4.c4 Nc6 5.c5 a6 6.Qa4 h6 7.Nbd2 Ne7 8.b4 g6 9.
Nb3 Bg7 10.Na5 O-O 11.Nh4 b5 12.cxb6 Nxa5 13.Nxf5 Nxf5 14.bxa5 cxb6 15.
axb6 Qxb6 16.Bd3 Nxd4 17.exd4 Bxd4 18.Rb1 Bxf2+ 19.Ke2 Qa7 20.Bxh6 Rfb8 
21.Qf4 Bd4 22.Qf3 Bh8 23.h4 e5 24.Qxd5 e4 25.Bxe4 Rd8 26.Qb7 Qd4 27.Be3 
Qc4+ 28.Kf2 Re8 29.Rb4 Qe6 30.h5 gxh5 31.Rxh5 Rac8 32.Rg5+ Bg7 33.Qd5 Rc2+
34.Kf3 Qxd5 35.Bxd5 Rc3 36.Re4 Rxe4 37.Kxe4 Kf8 38.Rxg7 Rxe3+ 39.Kxe3 Kxg7
40.Kd4 1-0

[Event "II Festival A"]
[Site "Lido degli Estensi - Comacchio ITA"]
[Date "2001.06.10"]
[Round "9"]
[White "Genocchio, Daniele"]
[Black "Bukal, Vladimir jr"]
[Result "1/2-1/2"]
[WhiteElo "2278"]
[BlackElo "2392"]
[PlyCount "43"]
[EventDate "2001.06.02"]

1.f4 d5 2.Nf3 g6 3.g3 Bg7 4.Bg2 Nh6 5.O-O O-O 6.d3 d4 7.c3 c5 8.e4 dxe3 9.
Bxe3 Qc7 10.Kh1 b6 11.Na3 Bb7 12.Qe2 Nc6 13.Rad1 Rad8 14.Rfe1 Qb8 15.h3 
Nf5 16.Bf2 Rfe8 17.g4 Nd6 18.Bh4 Nc8 19.Ng5 Nd6 20.Nf3 Nc8 21.Ng5 Nd6 22.
Nf3 1/2-1/2

[Event "II Festival A"]
[Site "Lido degli Estensi - Comacchio ITA"]
[Date "2001.06.10"]
[Round "9"]
[White "Heinlein, Reinhold"]
[Black "Barletta, Antonio"]
[Result "1-0"]
[WhiteElo "2185"]
[BlackElo "1902"]
[PlyCount "129"]
[EventDate "2001.06.02"]

1.d4 Nf6 2.c4 e6 3.Nf3 c5 4.e3 d5 5.Nc3 Nc6 6.Be2 a6 7.a4 dxc4 8.Bxc4 cxd4
9.exd4 Be7 10.O-O Nb4 11.Qe2 O-O 12.Rd1 b6 13.Bg5 Bb7 14.Rac1 Nfd5 15.Bd2 
Qb8 16.Ne5 Nxc3 17.bxc3 Nd5 18.Nd7 Qc7 19.Nxf8 Bxf8 20.Bd3 Nf4 21.Bxf4 
Qxf4 22.Qe3 Qc7 23.Be4 Bxe4 24.Qxe4 Rc8 25.g3 g6 26.c4 Qd7 27.d5 exd5 28.
cxd5 Bc5 29.Re1 Rd8 30.Rcd1 a5 31.Re2 Bb4 32.Ra2 Re8 33.Qd3 Bc5 34.Qc4 Qe7
35.Qd3 Rd8 36.Kf1 h5 37.Re2 Qd7 38.Re4 Qh3+ 39.Kg1 Qf5 40.Re2 Qd7 41.Qe4 
Bb4 42.Qc2 Rc8 43.Qa2 Rd8 44.Re4 Qd6 45.Qe2 Qd7 46.d6 Qxa4 47.Rc4 Qb5 48.
d7 Kh7 49.Re4 Qc6 50.Qc4 Qxc4 51.Rxc4 Kg7 52.Rc8 Be7 53.Rxd8 Bxd8 54.Re1 
Kf6 55.Re8 Be7 56.d8=Q Bxd8 57.Rxd8 Ke6 58.Rb8 Kd6 59.Rxb6+ Kc5 60.Rf6 a4 
61.Rxf7 a3 62.Ra7 Kb4 63.Kg2 Kb3 64.Kf3 Kb2 65.Kf4 1-0

[Event "II Festival A"]
[Site "Lido degli Estensi - Comacchio ITA"]
[Date "2001.06.10"]
[Round "9"]
[White "Lazarev, Vladimir"]
[Black "Cebalo, Miso"]
[Result "0-1"]
[WhiteElo "2500"]
[BlackElo "2465"]
[PlyCount "80"]
[EventDate "2001.06.02"]

1.d4 Nf6 2.c4 g6 3.Nc3 Bg7 4.e4 d6 5.h3 O-O 6.Bg5 Qe8 7.Be2 e5 8.d5 a5 9.
g4 Na6 10.Nf3 Kh8 11.Nd2 Ng8 12.h4 f5 13.f3 f4 14.h5 Bf6 15.hxg6 Qxg6 16.
Bxf6+ Nxf6 17.Nb3 b6 18.Qd2 Bd7 19.O-O-O Kg7 20.Rdg1 h6 21.Kb1 Nh7 22.Nc1 
Ng5 23.Nd3 Rh8 24.Rh2 Raf8 25.Rgh1 Rh7 26.a3 Rfh8 27.b4 h5 28.gxh5 Rxh5 
29.Rxh5 Rxh5 30.Rg1 Qh6 31.bxa5 bxa5 32.Nb5 Rh1 33.Qe1 Rxg1 34.Qxg1 Kf8 
35.Qa7 Qh1+ 36.Nc1 Nxf3 37.Qxa6 Ne1 38.Nxc7 Qxe4+ 39.Bd3 Nxd3 40.Ne6+ Ke7 
0-1

[Event "II Festival A"]
[Site "Lido degli Estensi - Comacchio ITA"]
[Date "2001.06.10"]
[Round "9"]
[White "Lelchuk, Zoja"]
[Black "Borgo, Giulio"]
[Result "1-0"]
[WhiteElo "2411"]
[BlackElo "2408"]
[PlyCount "64"]
[EventDate "2001.06.02"]

1.d4 d5 2.c4 e6 3.Nf3 Nf6 4.e3 Nbd7 5.Bd3 b6 6.O-O Bb7 7.b3 Be7 8.Bb2 Ne4 
9.Qc2 h6 10.cxd5 exd5 11.Ne5 Nxe5 12.dxe5 Nc5 13.Bb5+ c6 14.Be2 O-O 15.Nd2
Re8 16.f4 a5 17.Rad1 Qc8 18.Bd4 Ba6 19.Bxa6 Qxa6 20.Nf3 Rac8 21.f5 Ne4 22.
f6 gxf6 23.exf6 Bc5 24.Bxc5 bxc5 25.Nh4 Re6 26.Rf4 Kh7 27.Rdf1 Rg8 28.Nf5 
Rg6 29.Ne7 Rg5 30.R1f3 Qa8 31.h4 Rge5 32.Rg3 Qf8 1-0

[Event "II Festival A"]
[Site "Lido degli Estensi - Comacchio ITA"]
[Date "2001.06.10"]
[Round "9"]
[White "Logallo, Claudio"]
[Black "Del Vecchio, Gastone"]
[Result "1-0"]
[WhiteElo "1720"]
[BlackElo "1578"]
[PlyCount "51"]
[EventDate "2001.06.02"]

1.e4 c5 2.Nf3 d6 3.d4 cxd4 4.Nxd4 Nf6 5.Nc3 e6 6.Bc4 Be7 7.Be3 a6 8.Bb3 
Bd7 9.g4 h6 10.f3 Nc6 11.Qd2 Na5 12.O-O-O Nxb3+ 13.axb3 b5 14.h4 Nh7 15.g5
h5 16.f4 b4 17.Na2 a5 18.Kb1 g6 19.f5 gxf5 20.exf5 exf5 21.Qd3 a4 22.Nxb4 
axb3 23.Nxb3 Nf8 24.Bd4 Rg8 25.Nd5 Rg6 26.Bb6 1-0

[Event "II Festival A"]
[Site "Lido degli Estensi - Comacchio ITA"]
[Date "2001.06.10"]
[Round "9"]
[White "Mrdja, Milan"]
[Black "Lagrotteria, Salvatore"]
[Result "1-0"]
[WhiteElo "2450"]
[BlackElo "2201"]
[PlyCount "105"]
[EventDate "2001.06.02"]

1.e4 g6 2.d4 d6 3.Nc3 c6 4.Bc4 b5 5.Bb3 b4 6.Nce2 Nf6 7.Ng3 Bg7 8.Nf3 a5 
9.a3 Na6 10.h4 h5 11.axb4 axb4 12.Ng5 e6 13.Qe2 Nc7 14.Rxa8 Nxa8 15.O-O 
Nh7 16.e5 d5 17.Nxh7 Rxh7 18.Bg5 Qa5 19.Rd1 Nc7 20.Qe1 Bh6 21.Ra1 Qb6 22.
Bxh6 Rxh6 23.Qd2 Rh7 24.Ba4 Ba6 25.c3 bxc3 26.bxc3 Kf8 27.Bd1 c5 28.Kh2 
Bb5 29.Rb1 cxd4 30.cxd4 Qa7 31.Qb4+ Kg7 32.Qe7 Bd3 33.Rc1 Bc4 34.Qf6+ Kf8 
35.Rb1 Ne8 36.Qf4 Ng7 37.Rb4 Ne8 38.Ra4 Qb7 39.Be2 Bxe2 40.Nxe2 Ng7 41.Qc1
Nf5 42.Qc5+ Qe7 43.Nf4 Kg7 44.Qxe7 Nxe7 45.Ra7 Kf8 46.g3 Rh8 47.Nh3 Nc6 
48.Rc7 Nd8 49.Ng5 Kg7 50.Kg2 Rf8 51.Kf1 Kg8 52.Ke2 f6 53.exf6 1-0

[Event "II Festival A"]
[Site "Lido degli Estensi - Comacchio ITA"]
[Date "2001.06.10"]
[Round "9"]
[White "Naumkin, Igor"]
[Black "Mukic, Josko"]
[Result "0-1"]
[WhiteElo "2446"]
[BlackElo "2268"]
[PlyCount "64"]
[EventDate "2001.06.02"]

1.d4 Nf6 2.Nf3 g6 3.c4 Bg7 4.Nc3 d5 5.cxd5 Nxd5 6.Bd2 O-O 7.Rc1 Nb6 8.e3 
Nc6 9.Bb5 e5 10.Bxc6 exd4 11.Nxd4 bxc6 12.O-O c5 13.Nf3 Be6 14.e4 Nc4 15.
Rc2 Rb8 16.Qc1 Ne5 17.Nxe5 Bxe5 18.Bh6 Re8 19.f4 Bd4+ 20.Kh1 f5 21.Bg5 Qd7
22.exf5 Bxf5 23.Rd2 Qc6 24.Qd1 Re6 25.Rxd4 cxd4 26.Qxd4 Rd6 27.Qf2 Re8 28.
Kg1 a5 29.h3 Rd3 30.Bh4 Ree3 31.Re1 Rxe1+ 32.Qxe1 Bxh3 0-1

[Event "II Festival A"]
[Site "Lido degli Estensi - Comacchio ITA"]
[Date "2001.06.10"]
[Round "9"]
[White "Navarro, Emanuele"]
[Black "Mauro, Alan"]
[Result "1/2-1/2"]
[WhiteElo "1924"]
[BlackElo "2225"]
[PlyCount "24"]
[EventDate "2001.06.02"]

1.d4 Nf6 2.Nf3 g6 3.c4 Bg7 4.Nc3 O-O 5.e4 d6 6.Be2 e5 7.d5 Nbd7 8.Bg5 h6 
9.Bh4 a5 10.Nd2 Nc5 11.O-O Bd7 12.b3 g5 1/2-1/2

[Event "II Festival A"]
[Site "Lido degli Estensi - Comacchio ITA"]
[Date "2001.06.10"]
[Round "9"]
[White "Opacic, Alexandar"]
[Black "Tocco, Paolo"]
[Result "1-0"]
[WhiteElo "1921"]
[BlackElo "2144"]
[PlyCount "87"]
[EventDate "2001.06.02"]

1.e4 e5 2.Nf3 Nc6 3.Bb5 Nge7 4.O-O g6 5.c3 Bg7 6.d4 a6 7.Ba4 b5 8.Bc2 O-O 
9.dxe5 Nxe5 10.Nxe5 Bxe5 11.f4 Bg7 12.Nd2 d6 13.f5 Nc6 14.Nf3 Ne5 15.Nxe5 
Bxe5 16.Qg4 h5 17.Qf3 Qh4 18.g3 Qg4 19.Qxg4 hxg4 20.fxg6 fxg6 21.Bb3+ Kg7 
22.Bh6+ Kxh6 23.Rxf8 Bb7 24.Rxa8 Bxa8 25.Bd5 c6 26.Be6 Kg5 27.Kf2 a5 28.a3
Bb7 29.Ke3 c5 30.Rf1 b4 31.axb4 axb4 32.Kd3 Ba6+ 33.Bc4 Bb7 34.cxb4 cxb4 
35.b3 Bf6 36.Rf2 Bc8 37.Ra2 Be5 38.Ra7 Kf6 39.Rc7 Be6 40.Bxe6 Kxe6 41.Rc4 
Bc3 42.Rxc3 bxc3 43.Kxc3 d5 44.Kd4 1-0

[Event "II Festival A"]
[Site "Lido degli Estensi - Comacchio ITA"]
[Date "2001.06.10"]
[Round "9"]
[White "Ricci, Alfredo"]
[Black "Russo, Carmelo"]
[Result "1-0"]
[WhiteElo "2088"]
[BlackElo "1384"]
[PlyCount "38"]
[EventDate "2001.06.02"]

1.e4 c5 2.Nf3 d6 3.d4 Nf6 4.Nc3 cxd4 5.Nxd4 g6 6.Be3 Ng4 7.Bb5+ Nc6 8.Nxc6
Nxe3 9.Nxd8+ Bd7 10.fxe3 Rxd8 11.Qd4 e5 12.Qxa7 Bh6 13.Bxd7+ Rxd7 14.Qa8+ 
Rd8 15.Qa4+ Kf8 16.Nd5 Kg7 17.O-O Ra8 18.Qb3 Rhc8 19.Nb6 Bxe3+ 1-0

[Event "II Festival A"]
[Site "Lido degli Estensi - Comacchio ITA"]
[Date "2001.06.10"]
[Round "9"]
[White "Tatai, Stefano"]
[Black "Nikolic, Stanimir"]
[Result "1-0"]
[WhiteElo "2352"]
[BlackElo "2366"]
[PlyCount "65"]
[EventDate "2001.06.02"]

1.e4 d6 2.d4 c6 3.Nf3 g6 4.a4 Bg7 5.h3 Nf6 6.Nc3 O-O 7.Be3 Qa5 8.Nd2 Nbd7 
9.Be2 e5 10.dxe5 dxe5 11.O-O Qc7 12.Nc4 Ne8 13.Qd2 f5 14.exf5 gxf5 15.f4 
e4 16.Rad1 Nb6 17.a5 Bxc3 18.Qxc3 Nd5 19.Qd4 Nxe3 20.Nxe3 Be6 21.Bc4 Ng7 
22.Qd7 Qc8 23.Qxc8 Raxc8 24.Rd7 Bxc4 25.Nxc4 Rb8 26.Rfd1 Nh5 27.g3 Nxg3 
28.Kf2 Nh5 29.Rg1+ Kh8 30.Ne5 Nxf4 31.Rgg7 Ne6 32.Rxh7+ Kg8 33.Ng6 1-0

[Event "II Festival A"]
[Site "Lido degli Estensi - Comacchio ITA"]
[Date "2001.06.10"]
[Round "9"]
[White "Tomasi, Diego"]
[Black "Burani, Eugenio"]
[Result "1-0"]
[WhiteElo "2042"]
[BlackElo "1705"]
[PlyCount "32"]
[EventDate "2001.06.02"]

1.e4 c5 2.d4 cxd4 3.c3 dxc3 4.Nxc3 Nc6 5.Bc4 e6 6.Nf3 g6 7.O-O Bg7 8.Nb5 
h6 9.Qd6 Qe7 10.Nc7+ Kd8 11.Qxe7+ Ngxe7 12.Nxa8 b6 13.Bf4 e5 14.Be3 Bb7 
15.Nxb6 axb6 16.Bxb6+ Ke8 1-0

[Event "II Festival A"]
[Site "Lido degli Estensi - Comacchio ITA"]
[Date "2001.06.10"]
[Round "9"]
[White "Tomelleri, Alessio"]
[Black "Rivola, Franco"]
[Result "0-1"]
[WhiteElo "1543"]
[BlackElo "1704"]
[PlyCount "151"]
[EventDate "2001.06.02"]

1.e4 e6 2.d4 d5 3.exd5 exd5 4.Bd3 Nc6 5.Nf3 Nb4 6.Bb5+ c6 7.Ba4 Bf5 8.O-O 
Bd6 9.Nbd2 Ne7 10.c3 Nd3 11.Bc2 Nxc1 12.Qxc1 O-O 13.Bxf5 Nxf5 14.Qc2 Qf6 
15.b4 Rfe8 16.Rfe1 g5 17.Nf1 g4 18.Rxe8+ Rxe8 19.Re1 Re6 20.Rxe6 Qxe6 21.
Ne1 Nxd4 22.cxd4 Qxe1 23.Qf5 Qe4 24.Qg5+ Qg6 25.Qd8+ Kg7 26.Qd7 Bxb4 27.
Qxb7 a5 28.Qd7 Qe6 29.Qd8 Qf6 30.Qxf6+ Kxf6 31.Ne3 h5 32.Kf1 Bc3 33.Nc2 
Kf5 34.Ke2 Ke4 35.f3+ gxf3+ 36.gxf3+ Kf4 37.Kd3 Bb2 38.Ke2 Kf5 39.Kf2 Bc1 
40.Ne1 Bf4 41.h4 Bc7 42.Nd3 Bb6 43.Ke3 Bc7 44.Kf2 Bd6 45.a4 Be7 46.Ne5 
Bxh4+ 47.Ke2 c5 48.Nc6 c4 49.Nxa5 Ke6 50.Nc6 Bf6 51.Ke3 Kd6 52.Nb4 h4 53.
Nc2 Bg5+ 54.f4 Bd8 55.Kf3 f5 56.Ne3 Ke6 57.Nc2 Ba5 58.Kg2 Bd2 59.Kh3 Bxf4 
60.Kxh4 Bd2 61.Kg3 f4+ 62.Kf3 Kf5 63.Ke2 Bc3 64.Kf3 Kg5 65.Na3 Bxd4 66.Nb5
Bb6 67.Nc3 d4 68.Nd5 c3 69.Nxf4 Kf5 70.Nd3 Bc7 71.Ke2 Ke4 72.Nc5+ Kd5 73.
Nd3 Kc4 74.Nc1 Kb4 75.Kd3 Bb6 76.Ne2 0-1

[Event "II C.to Europeo"]
[Site "Ohrid MKD"]
[Date "2001.06.01"]
[Round "1"]
[White "Belotti, Bruno"]
[Black "Kacheishvili, Giorgi"]
[Result "1/2-1/2"]
[WhiteElo "2440"]
[BlackElo "2570"]
[PlyCount "83"]
[EventDate "2001.06.01"]

1. e4 c5 2. Nf3 d6 3. d4 cxd4 4. Nxd4 Nf6 5. Nc3 Nc6 6. Bg5 e6 7. Qd2 a6 8.
O-O-O Be7 9. f4 Nxd4 10. Qxd4 b5 11. Bxf6 gxf6 12. Kb1 Bb7 13. f5 Qa5 14. a3
O-O-O 15. Be2 Kb8 16. fxe6 fxe6 17. Bg4 Bc8 18. Qe3 h5 19. Bh3 Qc7 20. Ne2 Qc5
21. Qb3 d5 22. exd5 Rxd5 23. Rxd5 Qxd5 24. Qxd5 exd5 25. Bxc8 Kxc8 26. Nf4 Bd6
27. Nxd5 Be5 28. Rf1 Rd8 29. Nf4 Rd2 30. Nxh5 Rxg2 31. Nxf6 Bxh2 32. Nd5 Rg1
33. Rxg1 Bxg1 34. Ka2 Kb7 35. Kb3 Bd4 36. c3 Bg7 37. a4 Bf8 38. a5 Bd6 39. c4
Kc6 40. Nb4+ Bxb4 41. Kxb4 bxc4 42. Kxc4 1/2-1/2

[Event "II C.to Europeo"]
[Site "Ohrid MKD"]
[Date "2001.06.01"]
[Round "1"]
[White "Godena, Michele"]
[Black "Sturua, Zurab"]
[Result "0-1"]
[WhiteElo "2494"]
[BlackElo "2600"]
[PlyCount "78"]
[EventDate "2001.06.01"]

1. e4 e5 2. Nf3 Nc6 3. d4 exd4 4. Nxd4 Bc5 5. Nxc6 Qf6 6. Qd2 dxc6 7. Nc3 Ne7
8. Na4 Bd6 9. f4 O-O 10. Qf2 Re8 11. Bd3 Nd5 12. O-O b5 13. Nc5 Nb4 14. a3 Nxd3
15. cxd3 Bxc5 16. Qxc5 Qd6 17. Qc3 c5 18. f5 c4 19. dxc4 Rxe4 20. c5 Qc6 21. f6
Bb7 22. Qg3 Qxc5+ 23. Kh1 g6 24. Bh6 Re2 25. Rg1 Qh5 26. Qxc7 Bxg2+ 27. Rxg2
Rxg2 28. Kxg2 Qxh6 29. Qe5 Qd2+ 30. Kg1 h5 31. Re1 Rf8 32. Re2 Qc1+ 33. Kf2 Qc6
34. Qf4 Kh7 35. Re7 Qc2+ 36. Kg3 Qb3+ 37. Kh4 g5+ 38. Kxg5 Rg8+ 39. Kf5 Rg4 0-1

[Event "II C.to Europeo"]
[Site "Ohrid MKD"]
[Date "2001.06.02"]
[Round "2"]
[White "Aseev, Konstantin N."]
[Black "Arlandi, Ennio"]
[Result "1-0"]
[WhiteElo "2577"]
[BlackElo "2423"]
[PlyCount "77"]
[EventDate "2001.06.01"]

1. e4 c5 2. Nf3 e6 3. d4 cxd4 4. Nxd4 Nf6 5. Nc3 d6 6. g4 h6 7. h4 Be7 8. Rg1
Nh7 9. g5 hxg5 10. hxg5 Nxg5 11. Ndb5 f6 12. e5 dxe5 13. Bxg5 fxg5 14. Qxd8+
Kxd8 15. O-O-O+ Bd7 16. Ne4 a6 17. Nbd6 Kc7 18. Nf7 Rh4 19. Nexg5 Nc6 20. Nf3
Rh5 21. Rxg7 e4 22. N3g5 Bf6 23. Rg6 Bd4 24. c3 Bxf2 25. Nxe4 Be3+ 26. Kb1 Rd5
27. Re1 Rf8 28. Rg7 Bf4 29. Bc4 Rf5 30. Nfg5 Kc8 31. Rxd7 Bxg5 32. Bxe6 Re5 33.
Nd6+ Kb8 34. Rxe5 Nxe5 35. Rxb7+ Ka8 36. Bd5 Rf1+ 37. Kc2 Rc1+ 38. Kb3 Rd1 39.
Rb5+ 1-0

[Event "II C.to Europeo"]
[Site "Ohrid MKD"]
[Date "2001.06.02"]
[Round "2"]
[White "Fedorov, Alexei"]
[Black "Efimov, Igor"]
[Result "1-0"]
[WhiteElo "2590"]
[BlackElo "2480"]
[PlyCount "123"]
[EventDate "2001.06.01"]

1. e4 d6 2. d4 Nf6 3. Bd3 e5 4. c3 Be7 5. Nf3 Nbd7 6. O-O c6 7. Nbd2 Qc7 8. Re1
Nf8 9. Nf1 Ng6 10. Ng3 O-O 11. Nf5 Be6 12. h3 Rae8 13. Nxe7+ Qxe7 14. Be3 Rd8
15. Qc2 b6 16. a4 Nh5 17. dxe5 dxe5 18. a5 Nhf4 19. Bf1 c5 20. Kh2 Qf6 21. Ng1
Bc8 22. Red1 Bb7 23. f3 h5 24. g3 Ne6 25. h4 Ne7 26. axb6 axb6 27. Qb3 Nc8 28.
Bc4 Qe7 29. Nh3 Bc6 30. Ng5 Rxd1 31. Rxd1 Nxg5 32. Bxg5 Qa7 33. Rd2 Kh7 34. Qd1
f6 35. Be3 Qe7 36. f4 Be8 37. f5 g6 38. g4 b5 39. Be6 Nb6 40. gxh5 gxf5 41.
Bxf5+ Kh8 42. Rg2 Nc4 43. Bxc5 Qxc5 44. Qg4 Qe7 45. h6 Ne3 46. Qg7+ Qxg7 47.
hxg7+ Kg8 48. gxf8=Q+ Kxf8 49. Re2 Nc4 50. Kg3 Nd6 51. Kg4 Kg7 52. b3 Bf7 53.
Rd2 Nxf5 54. exf5 Bxb3 55. Rd7+ Kh6 56. Rd6 Kg7 57. h5 Bc4 58. h6+ Kxh6 59.
Rxf6+ Kg7 60. Rd6 Kf7 61. Kf3 Ke7 62. Rd2 1-0

[Event "II C.to Europeo"]
[Site "Ohrid MKD"]
[Date "2001.06.02"]
[Round "2"]
[White "Kuzmin, Gennadi P."]
[Black "Belotti, Bruno"]
[Result "0-1"]
[WhiteElo "2569"]
[BlackElo "2440"]
[PlyCount "140"]
[EventDate "2001.06.01"]

1. Nf3 Nf6 2. d4 g6 3. c4 Bg7 4. Nc3 d6 5. g3 O-O 6. Bg2 Nbd7 7. O-O e5 8. h3
exd4 9. Nxd4 Re8 10. Nc2 Nc5 11. Be3 Bd7 12. Qc1 Qc8 13. Kh2 Re5 14. Rh1 Rh5
15. Kg1 Bxh3 16. Rxh3 Rxh3 17. b4 Na6 18. Bd4 Rh5 19. Qb2 c6 20. Ne4 Nxe4 21.
Bxg7 f6 22. Bxf6 Nxf6 23. Qxf6 Qf8 24. Qxf8+ Rxf8 25. Rd1 Re5 26. e3 Rf6 27. b5
cxb5 28. Bxb7 Nc7 29. Na3 Rc5 30. Rd4 bxc4 31. Nxc4 Nb5 32. Rd3 Kf8 33. Nd2 Rc3
34. Rd5 Rf5 35. Rxf5+ gxf5 36. a4 Rc1+ 37. Kg2 Nc3 38. a5 Rc2 39. Nf3 Ra2 40.
a6 Ne4 41. Nd4 Rxf2+ 42. Kg1 Ra2 43. Nb5 Nc5 44. Nxa7 Nxa6 45. Nb5 Ke7 46. Bc8
Ra5 47. Nd4 Kf6 48. Kg2 Nc7 49. Kf3 Ne8 50. Be6 Ng7 51. Bb3 Rc5 52. Ba2 h6 53.
Bb3 Ke5 54. Ba2 Rc3 55. Bf7 h5 56. Nb5 Rc1 57. Nd4 d5 58. Ne2 Rc7 59. Bg6 Ne6
60. Bxh5 Ng5+ 61. Kf2 Ne4+ 62. Kf3 Rh7 63. Nf4 Rh6 64. Nd3+ Kf6 65. Nf4 Kg5 66.
g4 Nd2+ 67. Ke2 fxg4 68. Bf7 Rh2+ 69. Kd3 Nf3 70. Bxd5 Ne1+ 0-1

[Event "II C.to Europeo"]
[Site "Ohrid MKD"]
[Date "2001.06.02"]
[Round "2"]
[White "Volzhin, Alexander"]
[Black "Rossi, Carlo"]
[Result "1-0"]
[WhiteElo "2528"]
[BlackElo "2418"]
[PlyCount "45"]
[EventDate "2001.06.01"]

1. d4 Nf6 2. Nf3 c5 3. d5 c4 4. Nc3 Qa5 5. Qd4 b5 6. e4 Bb7 7. Bd2 b4 8. Nd1 e6
9. Bxc4 Bc5 10. Qd3 O-O 11. Ne3 d6 12. O-O Qb6 13. a3 a5 14. axb4 axb4 15. Rxa8
Bxa8 16. c3 Nbd7 17. cxb4 Bxb4 18. Bxb4 Qxb4 19. dxe6 Bxe4 20. Qd4 Ne5 21. e7
Rb8 22. Nxe5 dxe5 23. e8=R+ 1-0

[Event "II C.to Europeo"]
[Site "Ohrid MKD"]
[Date "2001.06.03"]
[Round "3"]
[White "Arlandi, Ennio"]
[Black "Reinderman, Dimitri"]
[Result "1-0"]
[WhiteElo "2423"]
[BlackElo "2539"]
[PlyCount "99"]
[EventDate "2001.06.01"]

1. d4 Nf6 2. c4 c5 3. d5 e6 4. Nc3 exd5 5. cxd5 d6 6. e4 g6 7. h3 Bg7 8. Nf3
O-O 9. Bd3 Nbd7 10. O-O Nh5 11. Bg5 Bf6 12. Be3 a6 13. a4 Re8 14. Nd2 b6 15.
Qc2 Bg7 16. g4 Nhf6 17. f4 h6 18. Rae1 Nf8 19. Nc4 Rb8 20. Bf2 h5 21. Bh4 b5
22. axb5 axb5 23. Nxd6 Qxd6 24. e5 Qb6 25. exf6 Rxe1 26. fxg7 Rxf1+ 27. Bxf1
Kxg7 28. Ne4 Nd7 29. Qc3+ Kg8 30. gxh5 b4 31. Qg3 Bb7 32. Bc4 Re8 33. Ng5 Ba6
34. hxg6 fxg6 35. Ne6 Nf8 36. Nxf8 Kxf8 37. Qd3 Bxc4 38. Qxc4 Qa5 39. Kg2 b3
40. Bf2 Qd2 41. Kf3 Kg7 42. Bxc5 Kh6 43. Qxb3 Qh2 44. Qb5 Qxh3+ 45. Kf2 Qh2+
46. Kf3 Re1 47. Bf8+ Kh5 48. d6+ Kh4 49. Qg5+ Kh3 50. Qg4# 1-0

[Event "II C.to Europeo"]
[Site "Ohrid MKD"]
[Date "2001.06.03"]
[Round "3"]
[White "Efimov, Igor"]
[Black "Kozul, Zdenko"]
[Result "0-1"]
[WhiteElo "2480"]
[BlackElo "2595"]
[PlyCount "140"]
[EventDate "2001.06.01"]

1. d4 Nf6 2. Nf3 g6 3. g3 d5 4. Bg2 Bg7 5. O-O O-O 6. Bf4 c6 7. Qc1 Bg4 8. h3
Bxf3 9. Bxf3 Qb6 10. Rd1 Nbd7 11. a4 a5 12. Ra3 Rfe8 13. Re3 e6 14. c4 Rec8 15.
c5 Qa7 16. Rb3 Re8 17. Qc3 h5 18. Na3 Nh7 19. Bc7 Ng5 20. Bg2 e5 21. e3 exd4
22. exd4 Ne4 23. Qc2 Re7 24. Re3 Rae8 25. Bxe4 Rxe4 26. Rxe4 Rxe4 27. Qc3 Qa8
28. Nc2 Nf8 29. Bd6 Ne6 30. f3 Re2 31. Rd3 Qa6 32. b3 Ng5 33. Kf1 Rh2 34. Kg1
Re2 35. Kf1 Re6 36. Kg2 h4 37. gxh4 Nh7 38. Re3 Rxe3 39. Qxe3 Nf6 40. Ne1 Qa8
41. Nd3 Qc8 42. Qf4 Nh5 43. Qg4 Qe8 44. Ne5 Kh7 45. Kf2 f5 46. Qg1 Bf6 47. Ke3
Bxh4 48. Kd2 Nf4 49. Kc2 Ne6 50. Nd3 Ng5 51. Qg2 Qe3 52. Ne5 Qxd4 53. Qe2 Nxh3
54. Nxg6 Bf6 55. Nf8+ Kh6 56. Qd2+ Qxd2+ 57. Kxd2 Ng5 58. Nd7 Kg6 59. Ke2 Ne6
60. Kd3 Kf7 61. f4 Bg7 62. Nb6 Ke8 63. b4 axb4 64. a5 Kd8 65. Kc2 Bh6 66. Be5
Bxf4 67. Bf6+ Kc7 68. Na4 Be3 69. Be5+ Kd7 70. Bd6 f4 0-1

[Event "II C.to Europeo"]
[Site "Ohrid MKD"]
[Date "2001.06.03"]
[Round "3"]
[White "Godena, Michele"]
[Black "Gicev, Blagoja"]
[Result "1-0"]
[WhiteElo "2494"]
[BlackElo "2336"]
[PlyCount "51"]
[EventDate "2001.06.01"]

1. e4 c5 2. Nf3 d6 3. Bc4 Nc6 4. c3 Nf6 5. d3 e6 6. Bb3 Be7 7. O-O O-O 8. Re1
b5 9. a3 Qc7 10. Nbd2 Rb8 11. Nf1 a5 12. d4 e5 13. dxc5 dxc5 14. a4 c4 15. axb5
cxb3 16. bxc6 Ba6 17. Ne3 Rfd8 18. Nd5 Nxd5 19. exd5 Bf6 20. Bg5 Bxg5 21. Nxg5
Bc4 22. Qh5 h6 23. Qxf7+ Qxf7 24. Nxf7 Rxd5 25. Nxe5 Rc5 26. Nd7 1-0

[Event "II C.to Europeo"]
[Site "Ohrid MKD"]
[Date "2001.06.03"]
[Round "3"]
[White "Rossi, Carlo"]
[Black "Kempinski, Robert"]
[Result "0-1"]
[WhiteElo "2418"]
[BlackElo "2582"]
[PlyCount "84"]
[EventDate "2001.06.01"]

1. e4 c5 2. Nf3 d6 3. c3 Nf6 4. Be2 Nbd7 5. d3 g6 6. O-O Bg7 7. Re1 b6 8. d4
Nxe4 9. Bb5 Bb7 10. dxc5 bxc5 11. Ng5 Nef6 12. Qxd6 Kf8 13. Qd1 h6 14. Nf3 Qc7
15. Qe2 e6 16. h3 Rd8 17. a4 g5 18. Nbd2 g4 19. hxg4 Nxg4 20. Nf1 Bf6 21. a5
Rg8 22. a6 Bd5 23. g3 c4 24. N1h2 h5 25. Bf4 e5 26. Be3 Nxe3 27. Qxe3 e4 28.
Qh6+ Bg7 29. Qg5 Nc5 30. Qxh5 Rh8 31. Qg5 exf3 32. Qxd5 Bxc3 33. Rad1 Rxd5 34.
Re8+ Kg7 35. Rxd5 Rxe8 36. Bxe8 Bxb2 37. Nxf3 c3 38. Nd4 Nxa6 39. Ba4 c2 40.
Nxc2 Qc4 41. Ra5 Nc5 42. Ne3 Qb4 0-1

[Event "II C.to Europeo"]
[Site "Ohrid MKD"]
[Date "2001.06.03"]
[Round "3"]
[White "Turov, Maxim"]
[Black "Zlochevskij, Alexander"]
[Result "1/2-1/2"]
[WhiteElo "2553"]
[BlackElo "2469"]
[PlyCount "86"]
[EventDate "2001.06.01"]

1. e4 c6 2. d4 d5 3. Nc3 dxe4 4. Nxe4 Bf5 5. Ng3 Bg6 6. Nf3 Nd7 7. h4 h6 8. h5
Bh7 9. Bd3 Bxd3 10. Qxd3 Ngf6 11. Bf4 Qa5+ 12. Bd2 Qc7 13. O-O-O e6 14. Ne4
O-O-O 15. g3 Nxe4 16. Qxe4 Bd6 17. c4 c5 18. d5 Nf6 19. Qc2 exd5 20. cxd5 Rhe8
21. Bc3 Qd7 22. Bxf6 gxf6 23. Nh4 Re5 24. f4 Rxh5 25. Qe2 Rxd5 26. Rxd5 Bxf4+
27. gxf4 Qxd5 28. Rd1 Qxa2 29. Rxd8+ Kxd8 30. Nf5 Qe6 31. Qd3+ Kc7 32. Nxh6
Qe1+ 33. Kc2 Qh4 34. Nxf7 Qxf4 35. Qd8+ Kc6 36. Qc8+ Kb6 37. Qe6+ Kc7 38. Qe7+
Kb6 39. Nd6 Qa4+ 40. Kd2 Qf4+ 41. Kd1 Qa4+ 42. Ke2 Qg4+ 43. Kd2 Qf4+ 1/2-1/2

[Event "II C.to Europeo"]
[Site "Ohrid MKD"]
[Date "2001.06.04"]
[Round "4"]
[White "Gicev, Blagoja"]
[Black "Rossi, Carlo"]
[Result "0-1"]
[WhiteElo "2336"]
[BlackElo "2418"]
[PlyCount "78"]
[EventDate "2001.06.01"]

1. e4 Nc6 2. d4 d5 3. Nc3 Nf6 4. e5 Ng8 5. Nge2 Bf5 6. Be3 e6 7. Nf4 Qd7 8. g4
Bg6 9. h4 f6 10. exf6 gxf6 11. Nxg6 hxg6 12. Bd3 Qf7 13. Qd2 O-O-O 14. O-O-O
Bb4 15. a3 Ba5 16. Bb5 Nge7 17. Qd3 e5 18. Na4 Bb6 19. Nxb6+ axb6 20. f3 Kb8
21. Kb1 Rd6 22. Bf2 Rh7 23. Rde1 Nxd4 24. Bxd4 exd4 25. Qxd4 Re6 26. Qb4 Re5
27. Rd1 Qe6 28. Bd3 Rh8 29. Rh3 Re3 30. Qd2 f5 31. gxf5 gxf5 32. Rdh1 Rh5 33.
f4 Rxh3 34. Rxh3 Ng6 35. Re3 Qf7 36. Bb5 c6 37. Bd3 Rxh4 38. Qe1 Rxf4 39. Re6
Ka7 0-1

[Event "II C.to Europeo"]
[Site "Ohrid MKD"]
[Date "2001.06.04"]
[Round "4"]
[White "Organdziev, Oliver"]
[Black "Godena, Michele"]
[Result "0-1"]
[WhiteElo "2322"]
[BlackElo "2494"]
[PlyCount "102"]
[EventDate "2001.06.01"]

1. e4 e5 2. Nf3 Nc6 3. Bb5 a6 4. Ba4 Nf6 5. O-O b5 6. Bb3 Bc5 7. d3 d6 8. a4
Rb8 9. axb5 axb5 10. Be3 Bxe3 11. fxe3 O-O 12. Nc3 Be6 13. Nd5 Bxd5 14. Bxd5
Nxd5 15. exd5 Ne7 16. e4 c6 17. dxc6 Nxc6 18. Qd2 d5 19. c3 b4 20. Rfe1 dxe4
21. dxe4 Qxd2 22. Nxd2 bxc3 23. bxc3 Rfc8 24. Reb1 Kf8 25. Nc4 Rxb1+ 26. Rxb1
Nd8 27. Nxe5 Rxc3 28. Rb8 Ke7 29. Nf3 Rc4 30. e5 h6 31. Rb2 g5 32. h3 Ne6 33.
g3 h5 34. Kg2 Kf8 35. Rf2 Kg7 36. h4 g4 37. Ng5 Nxg5 38. hxg5 Rc5 39. Rf5 Rc2+
40. Kf1 Rc6 41. Kf2 Kg6 42. Rf4 Re6 43. Re4 Kxg5 44. Ke3 Re7 45. Kd4 Rd7+ 46.
Ke3 Re7 47. Kd4 Rd7+ 48. Ke3 Kf5 49. e6 fxe6 50. Rf4+ Kg6 51. Rf8 Rf7 0-1